000 01088cam a2200325 a 4500
001 17534140
005 20170105102848.0
008 121118s2013 pk b b 000 0 eng
010 _a 2012430931
020 _z09789699557098
025 _aP-E-2012430931; 29
037 _bLibrary of Congress -- Islamabad Overseas Office
_cRs 1495
040 _aDLC
_cDLC
_dDLC
042 _alcode
_apcc
043 _aa-pk---
050 0 0 _aDS389
_b.P3429 2013
082 _a327.5491
245 0 0 _aPakistan foreign policy :
_bevolution, development and strategies /
_cedited by Iram Khalid.
250 _a1st ed.
260 _aLahore :
_bPeace Publication,
_c2013.
300 _avii, 376 p. :
_bmaps ;
_c25 cm.
504 _aIncludes bibliographical references.
651 0 _aPakistan
_xPolitics and government
_y21st century.
651 0 _aPakistan
_xForeign relations
_y21st century.
651 0 _aPakistan
_xForeign relations.
700 1 _aK̲h̲ālid, Iram.
906 _a7
_bcbc
_corigode
_d3
_encip
_f20
_gy-gencatlg
942 _2ddc
_cBK
999 _c14157
_d14157